[Event "Sainte Marie op"]
[Site "Sainte Marie"]
[Date "2005.10.18"]
[Round "4"]
[White "Ungamah, Thomas Krishna"]
[Black "Parro, Vanderlei"]
[Result "0-1"]
[WhiteElo "1099"]
[BlackElo "1799"]
[PlyCount "58"]
[EventDate "2005.10.15"]
[EventType "swiss"]
[EventRounds "9"]
[EventCountry "FRA"]
[SourceTitle "EXT 2006"]
[Source "ChessBase"]
[SourceDate "2005.11.24"]
[SourceVersion "1"]
[SourceVersionDate "2005.11.24"]
[SourceQuality "1"]

1. e4 e5 2. Nf3 Nc6 3. Bc4 Be7 4. Nc3 Nf6 5. 0-0 d6 6. d4 Bg4 7. Be3 exd4 8. h3 Bxf3 9. Qxf3 dxc3 10. bxc3 Ne5 11. Qe2 Nxe4 12. f3 Ng3 13. Qf2 Nxf1 14. Bxf1 0-0 15. Qg3 Bh4 16. Qf4 Ng6 17. Qg4 Re8 18. Bd2 c6 19. Bd3 Qb6+ 20. Kh1 Bf6 21. Bc4 Ne5 22. Bxf7+ Kxf7 23. Qh5+ Kg8 24. Re1 Ng6 25. Bf4 Rxe1+ 26. Kh2 Qg1+ 27. Kg3 Bh4+ 28. Kg4 Qxg2+ 29. Kf5 Ne7# 0-1